[Event "XII Festival Ducale A"]
[Site "Genova ITA"]
[Date "2004.07.10"]
[Round "8"]
[White "Pruijssers, Roeland"]
[Black "Manfredi, Vincenzo"]
[Result "1-0"]
[WhiteElo "2257"]
[BlackElo "2063"]
[PlyCount "73"]
[EventDate "2004.07.04"]

1. e4 c5 2. Nf3 e6 3. d4 cxd4 4. Nxd4 Nf6 5. Bd3 Nc6 6. Nxc6 dxc6 7. O-O e5 8.
c3 Qc7 9. Nd2 Be7 10. a4 a5 11. Nc4 O-O 12. f4 Ng4 13. Qe1 Rd8 14. Be2 Bc5+ 15.
Kh1 exf4 16. Bxf4 Qe7 17. e5 Be6 18. Bxg4 Bxc4 19. Rf3 Be6 20. Bh5 Rd7 21. Rg3
Qd8 22. Bh6 Bf8 23. Qf2 Kh8 24. Be3 g6 25. Be2 Be7 26. Bb6 Qb8 27. Rd3 Rxd3 28.
Bxd3 Kg8 29. Qe3 Bf8 30. Re1 Qc8 31. Rd1 Bd5 32. Be2 Qe6 33. Qd4 Re8 34. c4
Qxe5 35. Qxe5 Rxe5 36. cxd5 Rxe2 37. d6 1-0

[Event "XII Festival Ducale A"]
[Site "Genova ITA"]
[Date "2004.07.10"]
[Round "8"]
[White "Rodriguez Alvarez, Alan"]
[Black "Schmitz, Andreas Arnold"]
[Result "1/2-1/2"]
[WhiteElo "2071"]
[BlackElo "2243"]
[PlyCount "103"]
[EventDate "2004.07.04"]

1. e4 e6 2. d4 d5 3. Nd2 Nf6 4. e5 Nfd7 5. Bd3 c5 6. c3 Nc6 7. Ne2 cxd4 8. cxd4
Qb6 9. Nf3 Bb4+ 10. Bd2 Bxd2+ 11. Qxd2 Qb4 12. a3 Qxd2+ 13. Nxd2 Nb6 14. Rc1
Bd7 15. b4 Na4 16. Rc2 a5 17. b5 Na7 18. b6 Nxb6 19. Nb3 Nb5 20. Nc5 Nxa3 21.
Rb2 Nbc4 22. Rxb7 Bc8 23. Rb3 O-O 24. Nf4 Ba6 25. Nxa6 a4 26. Rxa3 Nxa3 27. Kd2
Rfc8 28. Nc5 Rcb8 29. Ra1 Nb5 30. Bxb5 Rxb5 31. Rxa4 Rxa4 32. Nxa4 Rb4 33. Nc3
Rxd4+ 34. Ke3 Rc4 35. Nfe2 d4+ 36. Kd3 Rxc3+ 37. Nxc3 dxc3 38. Kxc3 g5 39. Kd4
Kg7 40. f4 g4 41. Kc5 Kf8 42. Kd6 Ke8 43. Kc5 Kf8 44. Kd4 Kg7 45. Ke3 Kh6 46.
Kf2 Kg6 47. Ke3 Kh6 48. Ke4 Kg6 49. Ke3 Kh6 50. Kd4 Kg7 51. h3 gxh3 52. gxh3
1/2-1/2

[Event "XII Festival Ducale A"]
[Site "Genova ITA"]
[Date "2004.07.10"]
[Round "8"]
[White "Rozentalis, Eduardas"]
[Black "Estremera Panos, Sergio"]
[Result "1/2-1/2"]
[WhiteElo "2619"]
[BlackElo "2341"]
[PlyCount "152"]
[EventDate "2004.07.04"]

1. e4 e5 2. Nf3 Nc6 3. Nc3 Nf6 4. g3 d5 5. exd5 Nxd5 6. Bg2 Nxc3 7. bxc3 Be7 8.
O-O O-O 9. Re1 Bf6 10. Rb1 Rb8 11. d3 Be6 12. c4 Qd7 13. Bg5 Bxg5 14. Nxg5 Bg4
15. Qd2 h6 16. Nf3 Rfe8 17. Qe3 Qd6 18. c3 Bf5 19. Nh4 Qxd3 20. Nxf5 Qxf5 21.
Rxb7 Rxb7 22. Bxc6 Rbb8 23. Bxe8 Rxe8 24. Qxa7 Qd3 25. Qxc7 Qxc3 26. Rb1 e4 27.
Rb8 Rxb8 28. Qxb8+ Kh7 29. Qb3 Qe5 30. Qc2 f5 31. c5 g5 32. c6 f4 33. Qc1 e3
34. fxe3 fxe3 35. Qc2+ Kg7 36. Kf1 Qf6+ 37. Ke1 Qf3 38. c7 e2 39. Qb2+ Kh7 40.
Qxe2 Qc3+ 41. Kf2 Qxc7 42. Qe4+ Kg7 43. a4 Qb6+ 44. Kg2 Qb2+ 45. Kh3 Qd2 46.
Qe5+ Kg6 47. Qe6+ Kg7 48. Qf5 Qd1 49. a5 Qh5+ 50. Kg2 Qe2+ 51. Qf2 Qe4+ 52. Qf3
Qc2+ 53. Kh3 Qc4 54. g4 Qb5 55. Qc3+ Kg6 56. Kg3 Qf1 57. Qc6+ Kg7 58. Qb7+ Kg6
59. Qe4+ Kg7 60. Qe5+ Kg8 61. Qe3 Kg7 62. h4 gxh4+ 63. Kxh4 Qg2 64. g5 Qh2+ 65.
Kg4 Qg2+ 66. Kf5 Qf1+ 67. Qf4 Qd3+ 68. Kg4 Qd1+ 69. Qf3 h5+ 70. Kg3 Qe1+ 71.
Kh3 Qxa5 72. Qf6+ Kg8 73. Qe6+ Kg7 74. Qe7+ Kg8 75. Kh4 Qf5 76. Qd8+ Kg7
1/2-1/2

[Event "XII Festival Ducale A"]
[Site "Genova ITA"]
[Date "2004.07.10"]
[Round "8"]
[White "Scacco, Mauro"]
[Black "Miladinovic, Igor"]
[Result "0-1"]
[WhiteElo "2117"]
[BlackElo "2630"]
[PlyCount "82"]
[EventDate "2004.07.04"]

1. e4 c5 2. Nf3 Nc6 3. Bb5 e6 4. Bxc6 bxc6 5. O-O Ne7 6. b3 Ng6 7. c4 e5 8. Nc3
d6 9. d3 Be7 10. Ne1 f5 11. Qh5 f4 12. Bd2 O-O 13. Nd1 f3 14. Nxf3 Nf4 15. Bxf4
g6 16. Qh6 Rxf4 17. h4 Rxh4 18. Qd2 Rf4 19. Ne1 Bg5 20. Ne3 a5 21. Qe2 Qf8 22.
g3 Rf6 23. N1g2 Ra7 24. Ng4 Rff7 25. a3 Be6 26. Rab1 Rab7 27. N2e3 h5 28. Nh2
Bh3 29. Ng2 Rf6 30. f3 Qh6 31. Kh1 Bd2 32. f4 Bc3 33. fxe5 Rxf1+ 34. Rxf1 Bxe5
35. Qf3 Qg7 36. Rb1 a4 37. Nf4 Rxb3 38. Rxb3 axb3 39. Nxh3 b2 40. Qf1 Qb7 41.
Qb1 Qb3 0-1

[Event "XII Festival Ducale A"]
[Site "Genova ITA"]
[Date "2004.07.10"]
[Round "8"]
[White "Sedina, Elena"]
[Black "Broomfield, Matthew P."]
[Result "1/2-1/2"]
[WhiteElo "2396"]
[BlackElo "2273"]
[PlyCount "114"]
[EventDate "2004.07.04"]

1. e4 e6 2. d4 d5 3. Nd2 Be7 4. c3 c5 5. dxc5 Nf6 6. exd5 Qxd5 7. b4 a5 8. Ngf3
O-O 9. Bc4 Qh5 10. O-O Nd5 11. Bxd5 exd5 12. Bb2 Bf6 13. Qc1 Re8 14. c4 Bxb2
15. Qxb2 axb4 16. Rfe1 Rf8 17. Re5 Qh6 18. cxd5 Nd7 19. Re3 Nxc5 20. Qxb4 b6
21. Rb1 Bf5 22. Ra1 Rac8 23. Nd4 Qf6 24. N2f3 Be4 25. Rd1 Bxd5 26. Nb3 Rcd8 27.
Qe1 h6 28. Nxc5 bxc5 29. a3 c4 30. h3 Be6 31. Rxd8 Rxd8 32. Qa5 Rb8 33. Qc7 Rb3
34. Rxb3 cxb3 35. Ne5 Qf4 36. Qd8+ Kh7 37. Qd3+ g6 38. Qc3 Qa4 39. Qb2 Qe4 40.
Qc3 Qb1+ 41. Kh2 Qa2 42. Nd3 Qxa3 43. Nc5 Qa8 44. Nxe6 Qb8+ 45. g3 fxe6 46. Qf3
Kg7 47. Qc3+ e5 48. Qc5 Kf7 49. Qc4+ Ke7 50. Qh4+ Kd6 51. Qxh6 Qb6 52. Qxg6+
Kc7 53. Qf7+ Kb8 54. Qe8+ Ka7 55. Qa4+ Kb8 56. Qe8+ Ka7 57. Qa4+ Kb8 1/2-1/2

[Event "XII Festival Ducale A"]
[Site "Genova ITA"]
[Date "2004.07.11"]
[Round "9"]
[White "Astengo, Corrado"]
[Black "Catalini, Giampiero"]
[Result "1-0"]
[WhiteElo "2161"]
[BlackElo "1950"]
[PlyCount "93"]
[EventDate "2004.07.04"]

1. e4 e6 2. d4 d5 3. Nc3 Nc6 4. Nf3 Nf6 5. e5 Ne4 6. Bd3 Bb4 7. Bd2 Nxd2 8.
Qxd2 Ne7 9. a3 Bxc3 10. Qxc3 Nf5 11. h4 Bd7 12. h5 Rc8 13. b4 c6 14. Qd2 b6 15.
g4 Nh6 16. Rg1 c5 17. Qg5 Qxg5 18. Nxg5 cxd4 19. Nxh7 Ke7 20. Ng5 f6 21. Nf3
Nf7 22. exf6+ gxf6 23. Nxd4 Ne5 24. Be2 Nf7 25. Bd3 Ne5 26. f4 Nxd3+ 27. cxd3
e5 28. fxe5 fxe5 29. Nf3 Kd6 30. Kd2 Rcf8 31. Raf1 Bb5 32. Ng5 Ke7 33. Rxf8
Rxf8 34. Rg2 Rg8 35. Nf3 e4 36. dxe4 dxe4 37. Nd4 Be8 38. h6 Bg6 39. Ke3 a5 40.
bxa5 bxa5 41. Nc6+ Ke6 42. Nxa5 Rc8 43. Kf4 Kf7 44. Rb2 Ra8 45. Nc4 Kg8 46. Rb7
Bf7 47. h7+ 1-0

[Event "XII Festival Ducale A"]
[Site "Genova ITA"]
[Date "2004.07.11"]
[Round "9"]
[White "Brancaleoni, Maurizio"]
[Black "Pruijssers, Roeland"]
[Result "0-1"]
[WhiteElo "2298"]
[BlackElo "2257"]
[PlyCount "58"]
[EventDate "2004.07.04"]

1. d4 Nf6 2. c4 g6 3. Nc3 d5 4. e3 Bg7 5. Qb3 e6 6. Qa3 Bf8 7. Qa4+ c6 8. Nf3
Nbd7 9. Bd2 Nb6 10. Qb3 a5 11. c5 Nbd7 12. Be2 Bg7 13. O-O O-O 14. Na4 Ne4 15.
Bc3 Rb8 16. Nb6 Ndxc5 17. dxc5 Nxc5 18. Qa3 Qxb6 19. Bxa5 Bxb2 20. Bxb6 Bxa3
21. Rfb1 Ne4 22. Rb3 Bd6 23. a4 c5 24. Rb2 Bd7 25. a5 Ra8 26. Bd3 Rfc8 27. Rc2
f5 28. Rd1 Ba4 29. Bxe4 fxe4 0-1

[Event "XII Festival Ducale A"]
[Site "Genova ITA"]
[Date "2004.07.11"]
[Round "9"]
[White "Broomfield, Matthew P."]
[Black "Calzetta Ruiz, Monica"]
[Result "1-0"]
[WhiteElo "2273"]
[BlackElo "2289"]
[PlyCount "51"]
[EventDate "2004.07.04"]

1. d4 Nf6 2. Nf3 c5 3. d5 g6 4. Nc3 Bg7 5. e4 O-O 6. e5 Ng4 7. Ng5 Nxe5 8. f4
h6 9. Nge4 f5 10. fxe5 fxe4 11. Qg4 Kh7 12. Qxe4 Rf7 13. Bf4 Qb6 14. O-O-O Qb4
15. Bc4 d6 16. g4 Rxf4 17. Qxf4 Nd7 18. a3 Qb6 19. e6 Ne5 20. h4 h5 21. Qe4
Nxg4 22. Rhg1 Bxc3 23. bxc3 Qa5 24. Rxg4 Qxa3+ 25. Kd2 hxg4 26. Bd3 1-0

[Event "XII Festival Ducale A"]
[Site "Genova ITA"]
[Date "2004.07.11"]
[Round "9"]
[White "Di Donato, Giovanni"]
[Black "Astengo, Marcello"]
[Result "1-0"]
[WhiteElo "1889"]
[BlackElo "2056"]
[PlyCount "56"]
[EventDate "2004.07.04"]

1. e4 e6 2. d4 d5 3. e5 c5 4. c3 Nc6 5. Nf3 Bd7 6. Be2 Nge7 7. O-O Nf5 8. Bd3
Nh4 9. Ng5 g6 10. Nh3 Qb6 11. Bg5 Nf5 12. dxc5 Bxc5 13. b4 Be7 14. Re1 h6 15.
Bd2 Rc8 16. a4 Kf8 17. Na3 Kg7 18. Rc1 Rhd8 19. g4 Nh4 20. a5 Qc7 21. f4 a6 22.
Qe2 Nxa5 23. Be3 Nc4 24. Nc2 Nxe3 25. Nxe3 Qb6 26. Qf2 d4 27. Nc4 Qa7 28. Nd6
28... Bc6 $139 1-0

[Event "XII Festival Ducale A"]
[Site "Genova ITA"]
[Date "2004.07.11"]
[Round "9"]
[White "Di Paolo, Raffaele"]
[Black "Barletta, Antonio"]
[Result "1-0"]
[WhiteElo "2321"]
[BlackElo "2066"]
[PlyCount "47"]
[EventDate "2004.07.04"]

1. e4 c5 2. Nf3 e6 3. d4 cxd4 4. Nxd4 a6 5. Be2 Qc7 6. O-O Nf6 7. Nc3 b5 8. e5
Qxe5 9. Bf3 d5 10. Re1 Qc7 11. Nxd5 Nxd5 12. Bxd5 Ra7 13. Qf3 Bd6 14. Nf5 O-O
15. Nxg7 Kxg7 16. Bh6+ Kg6 17. Qe3 f6 18. Bxf8 Bxf8 19. Bxe6 Bxe6 20. Qxe6 Qd7
21. Qg8+ Qg7 22. Qb3 Nc6 23. Re3 Bd6 24. Qd3+ 1-0

[Event "XII Festival Ducale A"]
[Site "Genova ITA"]
[Date "2004.07.11"]
[Round "9"]
[White "Estremera Panos, Sergio"]
[Black "Sedina, Elena"]
[Result "1/2-1/2"]
[WhiteElo "2341"]
[BlackElo "2396"]
[PlyCount "117"]
[EventDate "2004.07.04"]

1. d4 Nf6 2. Nf3 d5 3. c4 c6 4. Nc3 dxc4 5. a4 Bf5 6. e3 e6 7. Bxc4 Bb4 8. O-O
Nbd7 9. Qe2 Bg6 10. e4 O-O 11. e5 Nd5 12. Ne4 Be7 13. h3 h6 14. Bd2 c5 15. Bxd5
exd5 16. Nxc5 Bxc5 17. dxc5 Nxc5 18. Bb4 b6 19. Qe3 Rc8 20. Rfc1 Qe7 21. Nd4 a5
22. Ba3 Rfe8 23. b4 axb4 24. Bxb4 Qd7 25. a5 Nd3 26. Rxc8 Qxc8 27. Bd6 bxa5 28.
Rxa5 Qc4 29. Ra7 Qc3 30. f4 Be4 31. e6 fxe6 32. Be5 Qc1+ 33. Qxc1 Nxc1 34.
Rxg7+ Kf8 35. Rc7 Nd3 36. Bg7+ Kg8 37. Bxh6 Nxf4 38. Bxf4 e5 39. Bxe5 Rxe5 40.
Kf2 Re8 41. g4 Ra8 42. h4 Ra3 43. h5 Rd3 44. Ne6 Rf3+ 45. Ke2 Rg3 46. Rg7+ Kh8
47. h6 Rxg4 48. Rxg4 Bf5 49. Ra4 Bxe6 50. Ke3 d4+ 51. Kf4 d3 52. Kg5 d2 53. Rd4
Ba2 54. Rd8+ Kh7 55. Rxd2 Bb1 56. Rd7+ Kh8 57. h7 Bxh7 58. Kh6 Bg8 59. Rd8
1/2-1/2

[Event "XII Festival Ducale A"]
[Site "Genova ITA"]
[Date "2004.07.11"]
[Round "9"]
[White "Godena, Michele"]
[Black "Lazic, Miroljub"]
[Result "1/2-1/2"]
[WhiteElo "2545"]
[BlackElo "2471"]
[PlyCount "33"]
[EventDate "2004.07.04"]

1. e4 d5 2. exd5 Qxd5 3. Nc3 Qd8 4. d4 c6 5. Ne4 Nf6 6. Nxf6+ exf6 7. c3 Bd6 8.
Bd3 O-O 9. Ne2 Qc7 10. Qc2 h6 11. h3 Nd7 12. O-O b5 13. Bd2 Bb7 14. b4 Nb6 15.
Rae1 Bc8 16. Ng3 Bxg3 17. fxg3 1/2-1/2

[Event "XII Festival Ducale A"]
[Site "Genova ITA"]
[Date "2004.07.11"]
[Round "9"]
[White "Maiori, Nicola"]
[Black "Berni, Mauro"]
[Result "0-1"]
[WhiteElo "1910"]
[BlackElo "2045"]
[PlyCount "58"]
[EventDate "2004.07.04"]

1. e4 c5 2. Nc3 Nc6 3. Nf3 g6 4. Bc4 Bg7 5. Ng5 e6 6. Nb5 Qxg5 7. Nc7+ Kd8 8.
Nxa8 Qxg2 9. Rf1 Qxe4+ 10. Qe2 Qxe2+ 11. Kxe2 b6 12. a4 Bb7 13. Nxb6 axb6 14.
c3 Nge7 15. Rb1 Ne5 16. Bb5 Bf3+ 17. Ke1 Bg2 18. f4 Bxf1 19. Bxf1 N5c6 20. b4
cxb4 21. cxb4 Kc7 22. Ba3 Nd5 23. Rc1 Kb7 24. b5 Nd4 25. Bg2 Rc8 26. Rc3 Rxc3
27. dxc3 Nc2+ 28. Kd2 Nxa3 29. Kd3 Kc7 0-1

[Event "XII Festival Ducale A"]
[Site "Genova ITA"]
[Date "2004.07.11"]
[Round "9"]
[White "Manfredi, Vincenzo"]
[Black "Gentile, Claudio"]
[Result "1-0"]
[WhiteElo "2063"]
[BlackElo "2137"]
[PlyCount "97"]
[EventDate "2004.07.04"]

1. d4 c5 2. d5 d6 3. e4 Nf6 4. Nc3 g6 5. Nf3 Bg7 6. Bb5+ Nbd7 7. a4 O-O 8. O-O
a6 9. Be2 Rb8 10. Nd2 Ne8 11. Ra3 Qc7 12. a5 Nef6 13. Nc4 Ne5 14. Nxe5 dxe5 15.
f4 Nd7 16. f5 Nf6 17. Kh1 Rd8 18. Qe1 gxf5 19. exf5 Nxd5 20. Nxd5 Rxd5 21. Qh4
Rd4 22. Qh5 Qc6 23. Rg3 Kh8 24. f6 Bxf6 25. Bg5 Bg7 26. Qxf7 Be6 27. Qxg7+ Kxg7
28. Bxe7+ Bg4 29. Bxg4 Qg6 30. Bh5 Qxg3 31. hxg3 Rd2 32. Bf6+ Kh6 33. Bxe5 Rbd8
34. g4 Rd1 35. Kg1 c4 36. Bf4+ Kg7 37. g5 R1d5 38. Ra1 Rf5 39. g3 Rb5 40. Ra4
Kf8 41. Rxc4 Rxb2 42. Rc7 Rd5 43. Rxh7 Rxa5 44. Rh8+ Ke7 45. Rc8 Ra1+ 46. Kg2
Rbb1 47. Rc7+ Kd8 48. g6 Rg1+ 49. Kh3 1-0

[Event "XII Festival Ducale A"]
[Site "Genova ITA"]
[Date "2004.07.11"]
[Round "9"]
[White "Miladinovic, Igor"]
[Black "Manca, Federico"]
[Result "1-0"]
[WhiteElo "2630"]
[BlackElo "2366"]
[PlyCount "69"]
[EventDate "2004.07.04"]

1. d4 Nf6 2. Bg5 Ne4 3. h4 d5 4. Nd2 Nxg5 5. hxg5 g6 6. e3 Bg7 7. f4 c5 8. c3
Qb6 9. Qb3 Nc6 10. Be2 Bd7 11. Ngf3 Qxb3 12. axb3 cxd4 13. exd4 h6 14. b4 hxg5
15. Rxh8+ Bxh8 16. Nxg5 e6 17. Nb3 b6 18. Nf3 Ke7 19. Kd2 Bg7 20. Ke3 Nd8 21.
Ne5 Nb7 22. c4 Bxe5 23. fxe5 dxc4 24. Bf3 cxb3 25. Bxb7 Rd8 26. Rxa7 Kf8 27.
Be4 Be8 28. Rb7 b5 29. Rc7 Rd7 30. Rc8 Ke7 31. Bc6 Rd8 32. Rxd8 Kxd8 33. Bxe8
Kxe8 34. d5 exd5 35. Kd4 1-0

[Event "XII Festival Ducale A"]
[Site "Genova ITA"]
[Date "2004.07.11"]
[Round "9"]
[White "Rozentalis, Eduardas"]
[Black "Geenen, Marc"]
[Result "1/2-1/2"]
[WhiteElo "2619"]
[BlackElo "2312"]
[PlyCount "109"]
[EventDate "2004.07.04"]

1. e4 e5 2. Nf3 Nc6 3. Bb5 a6 4. Bxc6 dxc6 5. Nc3 Bd6 6. d4 exd4 7. Qxd4 f6 8.
Be3 Ne7 9. O-O-O Ng6 10. Qc4 Qe7 11. Nd4 Qf7 12. Qxf7+ Kxf7 13. f3 Rd8 14. b3
h5 15. Kb2 h4 16. h3 Bd7 17. Rd2 Re8 18. Rhd1 Nf4 19. Ndb5 axb5 20. Bxf4 Bxf4
21. Rxd7+ Re7 22. Rxe7+ Kxe7 23. Ne2 Be5+ 24. Kb1 g5 25. Nd4 b4 26. Rd3 Kf7 27.
Ne2 Ke6 28. c3 c5 29. cxb4 cxb4 30. Rd2 c5 31. Rd5 b6 32. Nc1 Rc8 33. Nd3 Rc7
34. Nf2 Rd7 35. Rxd7 Kxd7 36. Kc2 b5 37. Kd3 Kd6 38. Ng4 Bd4 39. Nh6 Ke5 40.
Nf5 Bf2 41. Ne7 Bd4 42. Nd5 f5 43. Nc7 fxe4+ 44. fxe4 c4+ 45. bxc4 bxc4+ 46.
Kxc4 Kxe4 47. Ne6 Be3 48. Kxb4 Kf5 49. Nc5 Kf4 50. a4 Kg3 51. Kc4 Kxg2 52. a5
Bf4 53. Nd7 Be3 54. Nc5 Bf4 55. Nd7 1/2-1/2

[Event "XII Festival Ducale A"]
[Site "Genova ITA"]
[Date "2004.07.11"]
[Round "9"]
[White "Sarno, Spartaco"]
[Black "Durdevic, Radoslav"]
[Result "1-0"]
[WhiteElo "2401"]
[BlackElo "2144"]
[PlyCount "59"]
[EventDate "2004.07.04"]

1. e4 c5 2. Nf3 d6 3. d4 cxd4 4. Nxd4 Nf6 5. Nc3 g6 6. Be2 Bg7 7. O-O O-O 8.
Bg5 Nc6 9. Nb3 Be6 10. f4 Rc8 11. Bf3 Na5 12. e5 Nxb3 13. axb3 Ne8 14. Kh1 h6
15. Bh4 g5 16. fxg5 hxg5 17. Bxg5 Bxe5 18. Rxa7 Kg7 19. Qd2 Rh8 20. Bf4 Rc5 21.
Rxb7 Nf6 22. b4 Bxf4 23. Qxf4 Rc4 24. Qg5+ Kf8 25. Qa5 Qc8 26. Ra7 Ne8 27. Ra8
Qd7 28. Rd8 Qc7 29. Qxc7 Rxc7 30. b5 1-0

[Event "XII Festival Ducale A"]
[Site "Genova ITA"]
[Date "2004.07.11"]
[Round "9"]
[White "Van Hoolandt, Patrick"]
[Black "Rodriguez Alvarez, Alan"]
[Result "1-0"]
[WhiteElo "2245"]
[BlackElo "2071"]
[PlyCount "65"]
[EventDate "2004.07.04"]

1. c4 Nf6 2. Nf3 e6 3. g3 b6 4. Bg2 Bb7 5. O-O c5 6. b3 d5 7. Bb2 Be7 8. cxd5
Qxd5 9. Nc3 Qh5 10. d4 Nbd7 11. e3 cxd4 12. Nxd4 Ng4 13. h3 Nde5 14. Qe2 O-O
15. f4 Bxg2 16. Kxg2 Qg6 17. fxe5 Nxe5 18. Nf3 Nd3 19. Rad1 Rad8 20. Nd4 Bd6
21. Rf3 Ne5 22. Rf4 h5 23. Qc2 f5 24. Nce2 Nd7 25. Qc4 Rfe8 26. Nxe6 Qxe6 27.
Rxd6 Qxc4 28. bxc4 Rxe3 29. Nc3 g6 30. Kf2 Re5 31. Nd5 Rde8 32. Bxe5 Nxe5 33.
Nf6+ 1-0

[Event "XII Festival Ducale A"]
[Site "Genova ITA"]
[Date "2004.07.11"]
[Round "9"]
[White "Voltolini, Giuseppe"]
[Black "Schmitz, Manuela"]
[Result "1-0"]
[WhiteElo "2241"]
[BlackElo "2060"]
[PlyCount "71"]
[EventDate "2004.07.04"]

1. e4 e6 2. d4 d5 3. Nd2 Nf6 4. e5 Nfd7 5. Bd3 c5 6. c3 Nc6 7. Ne2 cxd4 8. cxd4
Qb6 9. Nf3 f6 10. exf6 Nxf6 11. O-O Bd6 12. Nc3 O-O 13. a3 Bd7 14. Be3 Rac8 15.
Na4 Qc7 16. Rc1 b6 17. Ba6 Rce8 18. Nc3 Qb8 19. Bd3 Kh8 20. Nb5 Bf4 21. Bxf4
Qxf4 22. Re1 Ng4 23. h3 Nh6 24. Bb1 Nf5 25. Bxf5 Rxf5 26. b4 Ref8 27. Nc3 g5
28. Ne2 Qd6 29. Ng3 Rxf3 30. gxf3 e5 31. dxe5 Nxe5 32. Qd4 Re8 33. Re3 Qf6 34.
Rd1 Bc6 35. Nh5 Qf5 36. Rde1 1-0

[Event "IV Festival Scacchi Verdi A"]
[Site "Bresso ITA"]
[Date "2004.06.10"]
[Round "1"]
[White "Aleksic, Nenad"]
[Black "Murli, Almerico"]
[Result "1-0"]
[WhiteElo "2384"]
[BlackElo "1830"]
[PlyCount "87"]
[EventDate "2004.06.10"]

1. e4 d6 2. d4 Nf6 3. Nc3 g6 4. Bg5 Bg7 5. f4 c6 6. Qd2 O-O 7. Nf3 b5 8. Bd3
Nbd7 9. e5 Ne8 10. O-O-O Nb6 11. Kb1 Nc4 12. Qe1 f6 13. Bh4 fxe5 14. fxe5 dxe5
15. dxe5 Qc7 16. Bg3 Qb6 17. Qe2 Bf5 18. Bxc4+ bxc4 19. Qxc4+ Kh8 20. Nd4 Rb8
21. b3 Rc8 22. Rhf1 Nc7 23. Nxf5 gxf5 24. Rd7 e6 25. Rd6 Nb5 26. Nxb5 Qxb5 27.
Qxb5 cxb5 28. Rxe6 Rc7 29. Rd6 Re7 30. Rd5 a6 31. Bf4 Rfe8 32. Re1 Kg8 33. c3
Re6 34. Re2 Kf8 35. Kc2 R6e7 36. g3 Re6 37. Kd3 Rb8 38. Rd6 Rbe8 39. Rxe6 Rxe6
40. Kd4 Ke7 41. Kd5 Bf8 42. c4 bxc4 43. bxc4 Kd7 44. Rb2 1-0

[Event "IV Festival Scacchi Verdi A"]
[Site "Bresso ITA"]
[Date "2004.06.10"]
[Round "1"]
[White "Bonarrigo, Marco"]
[Black "Dragojlovic, Andjelko"]
[Result "0-1"]
[WhiteElo "1826"]
[BlackElo "2340"]
[PlyCount "39"]
[EventDate "2004.06.10"]

1. e4 c5 2. Nf3 g6 3. d4 cxd4 4. Qxd4 Nf6 5. e5 Nc6 6. Qh4 Nxe5 7. Nxe5 Qa5+ 8.
Nc3 Qxe5+ 9. Be2 Bg7 10. O-O O-O 11. Bf4 Qa5 12. Rad1 d6 13. g4 Be6 14. g5 Nd7
15. Rd3 Rfc8 16. Bd2 Rc4 17. f4 Rd4 18. Ne4 Qxa2 19. Ng3 Qxb2 20. Be3 0-1

[Event "IV Festival Scacchi Verdi A"]
[Site "Bresso ITA"]
[Date "2004.06.10"]
[Round "1"]
[White "Cardani, Roberto"]
[Black "Berni, Francesco"]
[Result "1-0"]
[WhiteElo "1939"]
[BlackElo "1685"]
[PlyCount "49"]
[EventDate "2004.06.10"]

1. e4 c5 2. Nf3 e6 3. d4 cxd4 4. Nxd4 Nf6 5. Nc3 a6 6. Be2 d6 7. O-O Nc6 8. Kh1
Be7 9. Be3 Qc7 10. a4 Ne5 11. f4 Nc4 12. Bxc4 Qxc4 13. Qf3 O-O 14. a5 Qb4 15.
Ra4 Qxb2 16. Bc1 Qxc3 17. Qxc3 Nxe4 18. Qe3 d5 19. Ba3 Re8 20. Bxe7 Rxe7 21.
Rb1 Rc7 22. c4 f5 23. Nf3 dxc4 24. Qb6 Rc6 25. Qd8+ 1-0

[Event "IV Festival Scacchi Verdi A"]
[Site "Bresso ITA"]
[Date "2004.06.10"]
[Round "1"]
[White "D'Apa, Matteo"]
[Black "Naumkin, Igor"]
[Result "0-1"]
[WhiteElo "1859"]
[BlackElo "2424"]
[PlyCount "92"]
[EventDate "2004.06.10"]

1. d4 e6 2. c4 f5 3. Nc3 Bb4 4. Nf3 Nf6 5. Qc2 O-O 6. Bg5 b6 7. e3 Bb7 8. Be2
Qe8 9. O-O Bxc3 10. bxc3 Ne4 11. Bf4 d6 12. Nd2 Nxd2 13. Qxd2 Nd7 14. f3 e5 15.
Bg3 Qe7 16. Rae1 Rae8 17. Bd3 e4 18. fxe4 Bxe4 19. Bxe4 Qxe4 20. Rf4 Qe6 21.
Qd3 d5 22. cxd5 Qxd5 23. Qc2 b5 24. e4 fxe4 25. Rfxe4 Rxe4 26. Qxe4 Nf6 27.
Qe6+ Qxe6 28. Rxe6 Nd5 29. Rc6 Rf6 30. Rxf6 gxf6 31. Be1 Kf7 32. Kf2 Ke6 33.
Kf3 Ne7 34. Bh4 Nf5 35. Be1 a5 36. Ke4 c6 37. g4 Nd6+ 38. Kf4 a4 39. g5 Nf7 40.
h4 fxg5+ 41. hxg5 Nd6 42. Kg4 Kd5 43. Kh5 Nf5 44. g6 hxg6+ 45. Kxg6 b4 46. cxb4
Nxd4 0-1

[Event "IV Festival Scacchi Verdi A"]
[Site "Bresso ITA"]
[Date "2004.06.10"]
[Round "1"]
[White "Damia, Angelo"]
[Black "Ganci, Stefano"]
[Result "1-0"]
[WhiteElo "2061"]
[BlackElo "1775"]
[PlyCount "83"]
[EventDate "2004.06.10"]

1. e4 e5 2. Nf3 Nc6 3. d4 exd4 4. Nxd4 Nf6 5. Nc3 Bc5 6. Nf5 O-O 7. Ne3 Re8 8.
Bd3 Ne5 9. O-O d6 10. h3 a6 11. Re1 Bd7 12. Kh1 Qc8 13. Kh2 h6 14. f4 Nxd3 15.
cxd3 Bd4 16. Qf3 b5 17. Ne2 Bb6 18. Bd2 c5 19. Bc3 Qd8 20. Bxf6 Qxf6 21. Nd5
Qd8 22. Nxb6 Qxb6 23. f5 Qd8 24. Nf4 Bc6 25. Nh5 Qg5 26. g3 Re5 27. h4 Qe7 28.
f6 gxf6 29. Nxf6+ Kh8 30. Qf4 Qf8 31. g4 Qg7 32. Rg1 Qg6 33. Rg3 Ra7 34. g5 h5
35. Qf3 c4 36. Qf2 Rb7 37. d4 Rxe4 38. Nxe4 Qxe4 39. Re3 Qg4 40. d5 Bd7 41.
Rae1 Bf5 42. Rg1 1-0

[Event "IV Festival Scacchi Verdi A"]
[Site "Bresso ITA"]
[Date "2004.06.10"]
[Round "1"]
[White "Di Donato, Giovanni"]
[Black "Mrdja, Milan"]
[Result "0-1"]
[WhiteElo "1838"]
[BlackElo "2405"]
[PlyCount "106"]
[EventDate "2004.06.10"]

1. e4 c5 2. c4 d6 3. Nc3 Nc6 4. d3 g6 5. Bd2 Bg7 6. Nf3 e6 7. Be2 Nge7 8. Qc1
h6 9. O-O b6 10. Rb1 Bb7 11. a3 Qd7 12. Bd1 Rc8 13. Bc2 Kf8 14. h3 Kg8 15. Qe1
Kh7 16. Ne2 d5 17. b3 Rhe8 18. Qc1 f5 19. e5 d4 20. Re1 Nd8 21. Ng3 Nf7 22. Nh2
Qc6 23. f3 Bxe5 24. Nhf1 Bg7 25. Re2 e5 26. Qe1 Qd7 27. Rd1 Ng8 28. Bc1 Nf6 29.
Nh1 Re7 30. Qf2 Rce8 31. g4 Nd6 32. g5 Nh5 33. Nfg3 Nxg3 34. Nxg3 f4 35. Ne4
Bxe4 36. dxe4 Qxh3 37. gxh6 Bf6 38. Qg2 Qxg2+ 39. Rxg2 Bh4 40. Bd2 g5 41. Be1
Bxe1 42. Rxe1 Kxh6 43. Ree2 Kg6 44. Rg4 Rh7 45. Reg2 Rh5 46. Bd3 Reh8 47. Kf2
Ne8 48. Rg1 Nf6 49. R4g2 Rh2 50. b4 g4 51. fxg4 Kg5 52. bxc5 bxc5 53. Rb1 Nxg4+
0-1

[Event "IV Festival Scacchi Verdi A"]
[Site "Bresso ITA"]
[Date "2004.06.10"]
[Round "1"]
[White "Di Marco, Ruggero"]
[Black "Astengo, Marcello"]
[Result "0-1"]
[WhiteElo "1787"]
[BlackElo "2069"]
[PlyCount "40"]
[EventDate "2004.06.10"]

1. e4 e6 2. d4 d5 3. e5 c5 4. c3 Nc6 5. Nf3 Bd7 6. a3 a5 7. b3 Qb6 8. Be3 Rc8
9. Bd3 Na7 10. a4 cxd4 11. Bxd4 Bc5 12. O-O Ne7 13. g4 Ng6 14. Bc2 O-O 15. Qd3
Bxd4 16. cxd4 Nc6 17. h4 Nb4 18. Qd1 Rxc2 19. Na3 Rc3 20. h5 Rd3 0-1

[Event "IV Festival Scacchi Verdi A"]
[Site "Bresso ITA"]
[Date "2004.06.10"]
[Round "1"]
[White "Ducci, Roberto"]
[Black "Tomelleri, Alessio"]
[Result "1/2-1/2"]
[WhiteElo "1748"]
[BlackElo "2042"]
[PlyCount "50"]
[EventDate "2004.06.10"]

1. e4 g6 2. d4 Bg7 3. Nc3 c6 4. Be3 d5 5. e5 Qb6 6. Rb1 Qc7 7. Qd2 b6 8. Bf4 e6
9. Nf3 Ba6 10. Bxa6 Nxa6 11. O-O h6 12. b4 b5 13. Qd3 Qd7 14. a4 Rb8 15. axb5
cxb5 16. Rb3 Bf8 17. Rfb1 Ne7 18. Ra1 Rb6 19. Qd2 Nc6 20. Nxb5 Rxb5 21. Rxa6
Qb7 22. Ra1 Bxb4 23. Qd3 Na5 24. Rbb1 Nc4 25. c3 Ba5 1/2-1/2

[Event "IV Festival Scacchi Verdi A"]
[Site "Bresso ITA"]
[Date "2004.06.10"]
[Round "1"]
[White "Faccio, Fabio"]
[Black "Pedemonte, Claudio"]
[Result "0-1"]
[WhiteElo "1721"]
[BlackElo "1943"]
[PlyCount "30"]
[EventDate "2004.06.10"]

1. e4 d5 2. exd5 Qxd5 3. Nc3 Qa5 4. d4 Nf6 5. Bd2 Qb6 6. Nf3 c6 7. Na4 Qc7 8.
Be2 Bf5 9. Ne5 e6 10. O-O Bd6 11. Re1 Nbd7 12. f4 h5 13. c4 Bxe5 14. dxe5 Ne4
15. Nc3 Qb6+ 0-1